|
|
|
|
| LEADER |
00000nam a22000007a 4500 |
| 005 |
20160111120542.0 |
| 007 |
cr|||| ||u| |
| 008 |
160111s2015 bl ||||| |||| 00||0 por d |
| 020 |
|
|
|a 978-85-361-8496-8
|
| 035 |
|
|
|a 13008
|
| 040 |
|
|
|a vLex
|
| 090 |
|
|
|c 5779
|d 5779
|
| 100 |
1 |
|
|a Barbosa dos Santos, Jonb̀io
|
| 245 |
1 |
0 |
|a O Trabalho Infantil no Brasil e na Argentina: Um caso de desrespeito ̉declaraȯ̂ sociolaboral do MERCOSUL
|h [Recurso electrn̤ico] /
|c Jonb̀io Barbosa dos Santos
|
| 256 |
|
|
|a Servicio en ln̕ea
|
| 260 |
|
|
|a Brasil
|b LTR Editora
|c 2015
|
| 300 |
|
|
|a 1 recurso electrn̤ico
|
| 506 |
1 |
|
|a Contenido solo disponible en los productos indicados
|d vLex Global
|d vLex Global (Academic Edition, excluding Law Schools)
|d vLex Global (U.S. Academic Edition, Law Schools)
|d vLex Global (U.S. Academic Edition, excluding Law Schools)
|d vLex Global (Academic Edition, Law Schools)
|
| 650 |
0 |
4 |
|a Trabajo infantil
|z Brasil
|z Argentina
|
| 740 |
0 |
|
|a vLex libros (servicio en ln̕ea)
|
| 856 |
4 |
0 |
|u http://vlex.com/source/trabalho-infantil-brasil-argentina-13008
|z Acceso restringido
|
| 942 |
|
|
|c BOOK
|
| 999 |
0 |
|
|a Child labor
|